000 00643cam a2200193 4500
001 WB3605-24
008 000000n2000 000 0 eng u
035 _a(Sirsi) u103947
245 _aFishing for a home in cyberspace
260 _c2000
490 _aSunday Business
_v 30 January 2000, 43(2)
520 _aConsiders whether it is possible to buy a house solely using the internet, including hiring removal men and organising a mortgage. Includes details of relevant websites.
590 _aWB
650 _aHOUSEHUNTING
650 _aWEB SITES
650 _aHOUSEBUYING
690 _aINFORMATION TECHNOLOGY-INTERNET
942 _n0
999 _c62384
_d62384